Creatures here below / (Record no. 342401)

000 -LEADER
fixed length control field 01356cam a2200325 a 4500
001 - CONTROL NUMBER
control field 16861380
003 - CONTROL NUMBER IDENTIFIER
control field NUST
005 - DATE AND TIME OF LATEST TRANSACTION
control field 20171226110104.0
008 - FIXED-LENGTH DATA ELEMENTS--GENERAL INFORMATION
fixed length control field 110707s2011 ilu 000 1 eng
010 ## - LIBRARY OF CONGRESS CONTROL NUMBER
LC control number 2011026352
020 ## - INTERNATIONAL STANDARD BOOK NUMBER
International Standard Book Number 9781932841626 (pbk.)
020 ## - INTERNATIONAL STANDARD BOOK NUMBER
International Standard Book Number 1932841628 (pbk.)
020 ## - INTERNATIONAL STANDARD BOOK NUMBER
International Standard Book Number 9781572846876 (ebk.)
020 ## - INTERNATIONAL STANDARD BOOK NUMBER
International Standard Book Number 1572846879 (ebk.)
035 ## - SYSTEM CONTROL NUMBER
System control number (OCoLC)ocn701810672
040 ## - CATALOGING SOURCE
Original cataloging agency DLC
Transcribing agency DLC
Modifying agency IG#
-- BTCTA
-- IEP
-- CDX
-- YDXCP
-- DLC
042 ## - AUTHENTICATION CODE
Authentication code pcc
050 00 - LIBRARY OF CONGRESS CALL NUMBER
Classification number PS3552.E54747
Item number C74 2011
082 00 - DEWEY DECIMAL CLASSIFICATION NUMBER
Classification number 813.54
Author Mark BEN
100 1# - MAIN ENTRY--PERSONAL NAME
Personal name Bennett, O. H.
Fuller form of name (Oscar H.),
Dates associated with a name 1957-
9 (RLIN) 7576
245 10 - TITLE STATEMENT
Title Creatures here below /
Statement of responsibility, etc. O.H. Bennett.
260 ## - PUBLICATION, DISTRIBUTION, ETC.
Place of publication, distribution, etc. Chicago :
Name of publisher, distributor, etc. Agate,
Date of publication, distribution, etc. 2011.
300 ## - PHYSICAL DESCRIPTION
Extent 274 p. ;
Dimensions 23 cm.
500 ## - GENERAL NOTE
General note "An Agate Bolden trade paperback original"--P. [4] of cover.
520 ## - SUMMARY, ETC.
Summary, etc. "A black teenager and his mother create a makeshift family from their boarding house residents, but the son leaves home to confront his long-absent father"--Provided by publisher.
650 #0 - SUBJECT ADDED ENTRY--TOPICAL TERM
Topical term or geographic name entry element African American families
Form subdivision Fiction.
9 (RLIN) 7577
655 #0 - INDEX TERM--GENRE/FORM
Genre/form data or focus term Domestic fiction.
9 (RLIN) 4525
906 ## - LOCAL DATA ELEMENT F, LDF (RLIN)
a 7
b cbc
c orignew
d 1
e ecip
f 20
g y-gencatlg
942 ## - ADDED ENTRY ELEMENTS (KOHA)
Source of classification or shelving scheme
Koha item type Book
Holdings
Withdrawn status Lost status Source of classification or shelving scheme Damaged status Not for loan Permanent Location Current Location Shelving location Date acquired Total Checkouts Full call number Barcode Date last seen Date last checked out Copy number Price effective from Koha item type
          Central Library (CL) Central Library (CL) Fiction 12/26/2017 1 813.54 BEN CL3381 03/03/2026 04/29/2023 1 12/26/2017 Book
© 2023 Central Library, National University of Sciences and Technology. All Rights Reserved.